Carta a cristina de lorena : (Registro nro. 2655)

Detalles MARC
000 -LEADER
fixed length control field 01241nam a2200313 4500
001 - CONTROL NUMBER
control field 0000015491
003 - CONTROL NUMBER IDENTIFIER
control field CO-CtgCURN
005 - DATE AND TIME OF LATEST TRANSACTION
control field 20250516162529.0
007 - PHYSICAL DESCRIPTION FIXED FIELD--GENERAL INFORMATION
fixed length control field ta
008 - FIXED-LENGTH DATA ELEMENTS--GENERAL INFORMATION
fixed length control field 160627s1994 000 0 eng d
020 ## - INTERNATIONAL STANDARD BOOK NUMBER
International Standard Book Number 8448701771
040 ## - CATALOGING SOURCE
Original cataloging agency CO-CtgCURN
Language of cataloging spa
Transcribing agency coctgcurn
082 0# - DEWEY DECIMAL CLASSIFICATION NUMBER
Classification number 501
Item number G158
100 1# - MAIN ENTRY--PERSONAL NAME
Personal name Galileo.
245 10 - TITLE STATEMENT
Title Carta a cristina de lorena :
Remainder of title grandes obras del pensamiento /
Statement of responsibility, etc. Galileo Galilei , traducción Moises González.
260 ## - PUBLICATION, DISTRIBUTION, ETC.
Place of publication, distribution, etc. Madrid :
Name of publisher, distributor, etc. Ediciones Altaya,
Date of publication, distribution, etc. 1994.
300 ## - PHYSICAL DESCRIPTION
Extent 136 p.
336 ## - CONTENT TYPE
Source rdacontent
337 ## - MEDIA TYPE
Source rdamedia
Media type term sin mediacion
Media type code n
338 ## - CARRIER TYPE
Source rdacarrier
Carrier type term volumen
Carrier type code nc
490 1# - SERIES STATEMENT
Series statement Colección Grandes Obras de Pensamiento
500 ## - GENERAL NOTE
General note Incluye indice.
505 8# - FORMATTED CONTENTS NOTE
Formatted contents note Galileo unpensador inovador.--El enfado de los filosofos y teologos escolaticos defensa de la autonomia de la ciencia.--Las relaciones ciencia, fe : galileo teologo a pensar suyo.--La respueta de la iglesia, el edicto de 1616.--Importancia y origen de los escritos aqui presentados
600 10 - SUBJECT ADDED ENTRY--PERSONAL NAME
Personal name Copernico, Nicolas,
Dates associated with a name 1473-1543.
700 1# - ADDED ENTRY--PERSONAL NAME
Personal name González, Moises tr.
908 ## - PUT COMMAND PARAMETER (RLIN)
Put command parameter 160627
942 ## - ADDED ENTRY ELEMENTS (KOHA)
Koha item type Libros
Classification part 501
Item part G158
Source of classification or shelving scheme Dewey Decimal Classification
Suppress in OPAC No
Existencias
Withdrawn status Lost status Source of classification or shelving scheme Damaged status Not for loan Collection Home library Current library Shelving location Date acquired Inventory number Total checkouts Full call number Barcode Date last seen Price effective from Koha item type Public note
    Dewey Decimal Classification     General Miguel Henríquez Castañeda Miguel Henríquez Castañeda General 03/29/2025 005836   501 G158 005836 03/29/2025 03/29/2025 Libros 500-CIENNA